Statistics for Most Global Spanish-Speaking Cities

Click here to take the quiz!

General Stats

  • This quiz has been taken 67 times
    (32 since last reset)
  • The average score is 34 of 46

Answer Stats

HintAnswer% Correct
AlphaMadrid
100%
AlphaMexico City
100%
Alpha-Buenos Aires
96%
Beta-Caracas
96%
Beta+Barcelona
92%
Beta+Bogota
92%
Beta+Lima
92%
BetaPanama City
92%
Alpha-Santiago
92%
Gamma+Guadalajara
88%
Beta-Monterrey
88%
BetaMontevideo
88%
Beta-Quito
88%
Beta-San Jose
88%
GammaSanto Domingo
88%
SufficiencyCali
85%
Beta-Guatemala City
85%
GammaGuayaquil
85%
GammaLa Paz
85%
Gamma+Medellin
85%
Gamma-Asuncion
81%
GammaManagua
81%
Beta-San Salvador
81%
GammaValencia
81%
SufficiencyValencia
81%
SufficiencyCórdoba
77%
High SufficiencySeville
77%
GammaTegucigalpa
77%
SufficiencyBarranquilla
73%
Gamma-Bilbao
73%
High SufficiencyTijuana
73%
GammaSan Juan
69%
SufficiencyMérida
65%
High SufficiencyPuebla
65%
SufficiencyCiudad Juarez
62%
Gamma-Málaga
62%
SufficiencySanta Cruz de la Sierra
58%
SufficiencySan Pedro Sula
54%
SufficiencyValparaíso
54%
SufficiencyLeón
46%
SufficiencyAguascalientes
42%
SufficiencyMexicali
38%
Beta+Miami
38%
Gamma-Querétaro
38%
SufficiencySan Luis Potosi
35%
SufficiencyChihuahua
27%

Score Distribution

Percentile by Number Answered

Percent of People with Each Score

Your Score History

You have not taken this quiz since the last reset